00909nam a2200289uu 4500001000800000005001700008008004100025020001500066035001200081035002100093040001300114041000800127082000800135100003700143245007300180260004700253300001800300490003600318650002200354650003100376650003600407650003900443650003600482650003600518700002800554700003700582124783720260508071424.0110708s2003 spa  a8484099636 a1247837 a(OCoLC)777288623 ccomduadb aspa 4a37010aGarreta Bochaca, Jordi4edteedt10aRelaciones étnicas y educación en una sociedad dividida : Quebec aBarcelona :bUniversitat de Lleida,c2003. a117 páginas0 aEducació i Món Actual ;v11 aQuebec (Canadá) 7aRelaciones étnicas2lemb aBilinguismo - Quebec (Canadá) aBiculturalismo - Quebec (Canadá) aQuebec (Canadá) - Enseñanza 7aEducación intercultural2lemb10aSamper, Lluis4edteedt10aLlevot Calvet, Núria4edteedt